00326nam a2200145Ia 4500003000500000008004100005020001800046040001900064082000700083245002600090246001200116260003000128300000800158546001400166STCL181203s9999 xx 000 0 und d a9788126430581 aSTCLbENcSTCL 222 0aപെണ്ണിര aPennira bD C BooksaKottayamc2016 a139 aMalayalam